ბათუმის შოთა რუსთაველის სახელმწიფო უნივერსიტეტის ბიბლიოთეკა

სხეულის ენა და აზრების წაკითხვის ხელოვნება / (ბიბ.ჩანაწერი № 54193)

000 -ლიდერი
ფიქსირებული სიგრძის საკონტროლო ველი 01255nam a2200277Ia 4500
001 - საკონტროლო ნომერი
საკონტროლო ველი 21249
003 - საკონტროლო ნომრის იდენტიფიკატორი
საკონტროლო ველი GE_BSU
005 - ბოლო ოპერაციის თარიღი და დრო
საკონტროლო ველი 20211018172606.0
008 - ფიქსირებული სიგრძის მონაცემთა ელემენტები - ზოგადი ინფორმაცია
ფიქსირებული სიგრძის საკონტროლო ველი 181216s2015||||ge |||||||||||||| ||geo||
020 ## - წიგნის საერთაშორისო სტანდარტული ნომერი
International Standard Book Number 9789941064432
040 ## - კატალოგიზაციის წყარო
Transcribing agency GE_BSU
041 ## - ენის კოდი
Language code of text/sound track or separate title geo
080 ## - უნივერსალური ათობითი კლასიფიკაციის ინდექსი
Universal Decimal Classification number 159.925.8 გ-51
100 ## - მთავარი ჩანაწერი - პიროვნების სახელი
Personal name გიორგაშვილი, გიორგი
9 (RLIN) 12361
245 ## - ცნობა სათაურის შესახებ
Title სხეულის ენა და აზრების წაკითხვის ხელოვნება /
Statement of responsibility, etc გიორგი გიორგაშვილი ; რედაქტორი ანა გიორგაშვილი.
264 ## - წარმოების, გამოცემის, დისტრიბუციის და სხვა ცნობები
გამოცემის, წარმოების, დისტრიბუციის... ადგილი თბილისი :
გამოცემის, წარმოების, დისტრიბუციის... სახელწოდება თეკა & კომპანია,
გამოცემის, წარმოების, დისტრიბუციის... თარიღი 2015.
300 ## - ფიზიკური აღწერა
Extent 152 გვ. :
Other physical details ილ. ;
Dimensions 20 სმ.
504 ## - BIBLIOGRAPHY, ETC. NOTE
Bibliography, etc ბიბლიოგრაფია გვ.150
653 ## - INDEX TERM--UNCONTROLLED
Uncontrolled term არავერბალური კომუნიკაცი
653 ## - INDEX TERM--UNCONTROLLED
Uncontrolled term სხეულის ენა
653 ## - INDEX TERM--UNCONTROLLED
Uncontrolled term აზრების წაკითხვის ხელოვნება
653 ## - INDEX TERM--UNCONTROLLED
Uncontrolled term ფსიქოლოგია
700 ## - ADDED ENTRY--PERSONAL NAME
Personal name გიორგაშვილი, ანა
Relator term რედაქტორი
9 (RLIN) 12682
942 ## - ADDED ENTRY ELEMENTS (KOHA)
Koha item type წიგნი
Source of classification or shelving scheme
ეგზემპლარები
ჩამოწერის სტატუსი დაკარგული ეგზემპლარის სტატუსი კლასიფიკაციის წყარო ან თაროზე გაწყობის სქემა დაზიანების სტატუსი არ გაიცემა მუდმივი მდებარეობა (დაცვის ადგილი) ამჟამინდელი ადგილსამყოფელი თაროზე განთავსების ადგილი შეძენის თარიღი ღირებულება, შესყიდვის ნორმალური ფასი სრული შენახვის შიფრი შტრიხკოდი ბოლო ოპერაციის თარიღი ეგზემპლარის მიმდევრობითი ნომერი (კეტერი?) ფასის ძალაში შესვლის თარიღი ეგზემპლარის სახეობა საჯარო შენიშვნა
          ბათუმის შოთა რუსთაველის სახელმწიფო უნივერსიტეტის მთავარი ბიბლიოთეკა ბათუმის შოთა რუსთაველის სახელმწიფო უნივერსიტეტის მთავარი ბიბლიოთეკა წიგნსაცავი 2018-12-17 13.80 159.925.8 გ-51 55144 2018-12-17 55144 2018-12-17 წიგნი 13.80 ₾.